| 000 | 00857nam a22002417a 4500 | ||
|---|---|---|---|
| 005 | 20111104115156.0 | ||
| 008 | 111104t xxu||||| |||| 00| 0 eng d | ||
| 010 | _aENG-104035 | ||
| 020 |
_a9788124116364 _c895.00 |
||
| 035 | _aEN-87568 | ||
| 037 | _bDBAD/PUB | ||
| 040 |
_aDPL _bEng |
||
| 082 | _a531.1133 | ||
| 100 |
_935683 _aMittal, P.K. |
||
| 245 |
_aWaves and oscillations / _cby P.K. Mittal [and] Jai Dev Anand |
||
| 250 | _arev. ed | ||
| 260 |
_aNew Delhi _bHar-Anand Publications _c2011 |
||
| 270 |
_aE-49/3, Okhla Industrial Area, Phase-II _bNew Delhi _e110020 |
||
| 300 |
_axv,565p. _c23cm (Hb) |
||
| 700 |
_935668 _aAnand, Jai Dev |
||
| 942 |
_2ddc _cEN _h531.1133 _mMIT |
||
| 999 |
_c58106 _d58106 |
||